| 000 | 01259nam0a22002891 4500 | ||
|---|---|---|---|
| 001 | rc\688581 | ||
| 005 | 20230413111402.0 | ||
| 035 | _a(NLR Aleph) 005925409 | ||
| 090 |
_a6521670 _c6521670 |
||
| 100 | _a20031121d1985 u |0rusy50 ca | ||
| 101 | 0 | _arus | |
| 102 | _aRU | ||
| 105 | _aa ||||||||| | ||
| 200 | 1 |
_a"Дзэйцхар мигчжан" - памятник тибетской медицины _fАН СССР, Сиб. отд-ние, Бурят. фил., Ин-т биологии _g[Пер., коммент. С.М. Баторовой, Г.П. Яковлева] _gОтв. ред. Б.Б. Бадараев |
|
| 210 |
_aНовосибирск _cНаука. Сиб. отд-ние _d1985 |
||
| 215 |
_a88 с. _cил. _d21 |
||
| 320 | _aБиблиогр.: с. 81-82 | ||
| 320 | _aУказ. латин. и тибет. назв. растений: с. 83-87 | ||
| 702 | 1 |
_aБадараев _bБ.-Д. Б. _f1929-1987 _gБал-Доржи Бадараевич _3RU\NLR\AUTH\770254902 _4340 |
|
| 702 | 1 |
_aБаторова _bС. М. _4730 |
|
| 712 | 0 | 2 |
_aИнститут биологии _cУлан-Удэ _3RU\NLR\AUTH\8810001915 |
| 801 | 0 |
_aRU _bNLR _gpsbo |
|
| 801 | 1 |
_aRU _bELAR _2rusmarc |
|
| 852 |
_aNLR _jОЛСАА |
||
| 942 | _cBOOK | ||
| 980 | _aNB | ||